000 01129cam a2200241 i 4500
003 SA-RiAUC
005 20241225141254.0
008 241220s1996 ua g i000 0 ara c
040 _aJO-ZaHU
_bara
_cSA-RiAUC
_erda
082 0 4 _a253.9003
090 _a253.9003
_b ز ي د
100 1 _aزيد، محمد عبد العزيز حسن،
_d1958-
_eمؤلف.
245 1 2 _aالإجارة بين الفقه الإسلامي والتطبيق المعاصر في المؤسسة المصرفية والمالية الإسلامية /
_cمحمد عبد العزيز حسن زيد.
264 1 _aالقاهرة :
_bالمعهد العالمي للفكر الإسلامي،
_c1996
300 _a77 صفحة؛
_c24 سم
336 _aنص
_btxt
_2rdacontent
_3كتاب
337 _aبدون وسيط
_bn
_2rdamedia
338 _aمجلد
_bnc
_2rdacarrier
490 _3دراسات في الاقتصاد الإسلامي / المعهد العالمي للفكر الإسلامي (القاهرة) ؛
_v16
650 7 _aالإجارة (فقه إسلامي)
_2aucsh
942 _2ddc
_cBOOK
_n0
949 _aSA-JeALM
_d241220
_umohamedma123
_n1
999 _c3954
_d3954